000 02011nam0a2200397 4500
001 RU\NLR\bibl\528066
005 20250609150534.0
021 _aRU
_b2004-9277п
_9387
035 _a(NLR Aleph) 000520414
090 _a1289629
_c1289629
100 _a20040607d2004 |||y0rusy50 ca
101 0 _arus
102 _aRU
105 _aa |||||||||
200 1 _aИнформационные технологии, средства автоматизации и поддержки принятия решений в нефтегазовом комплексе
_e[Сб. ст.
_fПодгот.: А. Америк и др.]
210 _aМ.
_cАнатолий Печейкин
_d2004
215 _a40 с.
_cил.
_d30
225 1 _aНефть России
_vСпец. вып.[1]
313 _aдобыча, перераб. нефти, АЗС
606 1 _aНефтегазовая промышленность
_jСборники
_xИнформационные технологии
_92410462
_3RU\NLR\AUTH\661436236
606 1 _aНефть
_jСборники
_xДобыча
_xИнформационные технологии
_92332809
_3RU\NLR\AUTH\661394885
606 1 _aНефть
_jСборники
_xПереработка
_xИнформационные технологии
_92332820
_3RU\NLR\AUTH\661394890
606 1 _aЗаправочные пункты для автомобилей
_jСборники
_xИнформационные технологии
_92332814
_3RU\NLR\AUTH\661394887
606 1 _aАвтозаправочные станции
_jСборники
_xИнформационные технологии
_92332816
_3RU\NLR\auth\661394888
686 1 _aУ30(2)565.2в612я43
686 1 _aИ361-7с.я43
686 1 _aЛ54-5-05я43
686 1 _aО33-082.057-5-05я43
702 1 _aАмерик
_bА.
_gАлександр
_4220
801 0 _aRU
_bNLR
_c20040607
_gPSBO
801 1 _aRU
_bNLR
_c20040607
852 _aNLR
_jП11/3713
942 _cBOOK
980 _aNB